000 00462nam a2200121Ia 4500
008 160712s9999 xx 000 0 und d
100 _aOcampo, Victor Fernando R.
245 _cVictor Fernando R. Ocampo
_aAn Excerpt from the Philippine Journal of Archaeology
260 _c2014
_bLikhaan: The Journal of Contemporary Philippine Literature
300 _avol. 8
650 _xSHORT STORY
856 _uhttp://journals.upd.edu.ph/index.php/lik/issue/view/538/showToc
999 _c297224
_d297224